[Event "Hrdonov Fontana op"]
[Site "Hrdonov"]
[Date "2012.10.27"]
[Round "9"]
[White "Ulrych, Radek"]
[Black "Starychfojtu, Josef"]
[Result "1/2-1/2"]
[WhiteElo "1875"]
[BlackElo "1604"]
[PlyCount "49"]
[EventDate "2012.10.20"]
[EventType "swiss"]
[EventRounds "9"]
[EventCountry "CZE"]
[SourceTitle "CBM 151 Extra"]
[Source "ChessBase"]
[SourceDate "2012.12.18"]
[SourceVersion "1"]
[SourceVersionDate "2012.12.18"]
[SourceQuality "1"]

1. c4 e5 2. g3 Nc6 3. Bg2 g6 4. Nc3 Bg7 5. e3 Nge7 6. Nge2 d6 7. 0-0 Be6 8. b3 0-0 9. d4 exd4 10. exd4 d5 11. Be3 Qd7 12. Rc1 Rad8 13. c5 Bh3 14. Nf4 Bxg2 15. Kxg2 Nb4 16. a3 Na6 17. b4 c6 18. Qb3 Nc7 19. a4 Ne6 20. Nfe2 Nf5 21. Rcd1 Rfe8 22. Rd3 Nxe3+ 23. fxe3 Ng5 24. Nf4 Re7 25. h4 1/2-1/2

[Event "Hrdonov Fontana op"]
[Site "Hrdonov"]
[Date "2012.10.24"]
[Round "6"]
[White "Valenta, Petr"]
[Black "Ulrych, Radek"]
[Result "1/2-1/2"]
[WhiteElo "1968"]
[BlackElo "1875"]
[PlyCount "64"]
[EventDate "2012.10.20"]
[EventType "swiss"]
[EventRounds "9"]
[EventCountry "CZE"]
[SourceTitle "CBM 151 Extra"]
[Source "ChessBase"]
[SourceDate "2012.12.18"]
[SourceVersion "1"]
[SourceVersionDate "2012.12.18"]
[SourceQuality "1"]

1. c4 c5 2. Nc3 Nc6 3. e3 g6 4. Nge2 Bg7 5. g3 d6 6. Bg2 e6 7. 0-0 Nge7 8. d4 0-0 9. a3 b6 10. Ne4 Qc7 11. dxc5 dxc5 12. Qc2 Bb7 13. Bd2 Nf5 14. Bc3 e5 15. b3 f6 16. Bb2 Rad8 17. N2c3 Nce7 18. Rad1 Bh6 19. Qe2 Bg7 20. Rxd8 Rxd8 21. Rd1 Rxd1+ 22. Qxd1 Bxe4 23. Nxe4 Nc8 24. Qd5+ Kh8 25. Nc3 Nfe7 26. Qa8 h5 27. Nd5 Nxd5 28. Bxd5 Kh7 29. e4 Qd7 30. Kg2 h4 31. h3 hxg3 32. Kxg3 Bh6 1/2-1/2

[Event "Hrdonov Fontana op"]
[Site "Hrdonov"]
[Date "2012.10.21"]
[Round "2"]
[White "Ulrych, Radek"]
[Black "Korsa, Jindrich"]
[Result "0-1"]
[WhiteElo "1875"]
[BlackElo "2126"]
[PlyCount "46"]
[EventDate "2012.10.20"]
[EventType "swiss"]
[EventRounds "9"]
[EventCountry "CZE"]
[SourceTitle "CBM 151 Extra"]
[Source "ChessBase"]
[SourceDate "2012.12.18"]
[SourceVersion "1"]
[SourceVersionDate "2012.12.18"]
[SourceQuality "1"]

1. c4 e5 2. g3 Nc6 3. Bg2 g5 4. e3 d6 5. Nc3 Bg7 6. d4 exd4 7. Bxc6+ bxc6 8. exd4 Be6 9. b3 c5 10. Be3 Ne7 11. Rc1 Nf5 12. dxc5 Nxe3 13. fxe3 dxc5 14. Qxd8+ Rxd8 15. Ne4 0-0 16. Nxg5 Rfe8 17. N1f3 Bc8 18. Nh4 Bh6 19. Nhf3 f6 20. h4 fxg5 21. hxg5 Bg4 22. Rxh6 Rxe3+ 23. Kf2 Rxf3+ 0-1

[Event "Hrdonov Fontana op"]
[Site "Hrdonov"]
[Date "2012.10.20"]
[Round "1"]
[White "Rosenbaum, Vit"]
[Black "Ulrych, Radek"]
[Result "1-0"]
[WhiteElo "2058"]
[BlackElo "1875"]
[PlyCount "82"]
[EventDate "2012.10.20"]
[EventType "swiss"]
[EventRounds "9"]
[EventCountry "CZE"]
[SourceTitle "CBM 151 Extra"]
[Source "ChessBase"]
[SourceDate "2012.12.18"]
[SourceVersion "1"]
[SourceVersionDate "2012.12.18"]
[SourceQuality "1"]

1. d4 Nf6 2. Nf3 g6 3. g3 Bg7 4. c4 0-0 5. Bg2 d6 6. 0-0 c5 7. Nc3 Nbd7 8. e4 cxd4 9. Nxd4 Qc7 10. b3 a6 11. Bb2 e5 12. Nc2 b6 13. Ne3 Bb7 14. Ba3 Nc5 15. Qc2 Ne6 16. Rad1 Nd4 17. Qd3 Rfd8 18. f4 b5 19. fxe5 dxe5 20. Rxf6 Bxf6 21. Ned5 Bxd5 22. Nxd5 Qc6 23. Be7 Rxd5 24. exd5 Qb6 25. c5 Qa7 26. Bxf6 Qxc5 27. Kh1 Qd6 28. Bxe5 Qxe5 29. Qxd4 Qe2 30. d6 Rd8 31. d7 Kf8 32. a4 bxa4 33. bxa4 Qe6 34. a5 h5 35. Qd6+ Qxd6 36. Rxd6 Ke7 37. Rd1 Rxd7 38. Rxd7+ Kxd7 39. Bb7 g5 40. Bxa6 Kc7 41. Kg2 f5 1-0